Русско-английский словарь по экономике с краткими пояснениями и перекрестными ссылками: 50 000 словарных единиц

Bibliografiske detaljer
Hovedforfatter: Тимошина А. А. Алла Александровна
Summary:Русско-английский словарь по экономике содержит термины и терминологические словосочетания, охватывающие различные аспекты экономической деятельности и| основные направления экономических теорий. В него включены краткие пояснения терминов и терминологических выражений, перекрёстные ссылки, помогающие правильному выбору адекватного английского слова. Для специалистов, работающих в разных областях экономики, а также для студентов, аспирантов и преподавателей английского языка экономических вузов и широкого круга лиц, интересующихся проблемами экономики.
Sprog:russisk
engelsk
Udgivet: Москва, Изд-во МГУ, 2009
Fag:
Format: MixedMaterials Bog
KOHA link:https://koha.lib.tpu.ru/cgi-bin/koha/opac-detail.pl?biblionumber=179069

MARC

LEADER 00000nam0a2200000 4500
001 179069
005 20231101223441.0
010 |a 9785211054073 
035 |a (RuTPU)RU\TPU\book\194121 
090 |a 179069 
100 |a 20100415d2009 m y0rusy50 ca 
101 0 |a rus  |a eng 
102 |a RU 
105 |a y e 001zy 
200 1 |a Русско-английский словарь по экономике с краткими пояснениями и перекрестными ссылками  |e 50 000 словарных единиц  |f А. А. Тимошина 
210 |a Москва  |c Изд-во МГУ  |d 2009 
215 |a 512 с. 
320 |a Библиогр.: с. 509-510. 
330 |a Русско-английский словарь по экономике содержит термины и терминологические словосочетания, охватывающие различные аспекты экономической деятельности и| основные направления экономических теорий. В него включены краткие пояснения терминов и терминологических выражений, перекрёстные ссылки, помогающие правильному выбору адекватного английского слова. Для специалистов, работающих в разных областях экономики, а также для студентов, аспирантов и преподавателей английского языка экономических вузов и широкого круга лиц, интересующихся проблемами экономики. 
606 1 |a Английский язык  |x Терминологические словари  |2 stltpush  |3 (RuTPU)RU\TPU\subj\29063  |9 52475 
610 1 |a русско-английские словари 
610 1 |a экономика 
610 1 |a лексика 
610 1 |a термины 
610 1 |a терминологические словари 
610 1 |a экономическая теория 
686 |a Ш143.21-43  |v LBC/SL-A  |2 rubbk 
686 |a У01я2  |v LBC/SL-A  |2 rubbk 
700 1 |a Тимошина  |b А. А.  |g Алла Александровна 
801 1 |a RU  |b 63413507  |c 20100415 
801 2 |a RU  |b 63413507  |c 20110909  |g RCR 
942 |c BK 
959 |a 24/20100413  |d 1  |e 407,00  |f ЧЗИЛ:1